00309nam a2200121Ia 4500008004100000041001200041082001600053100001700069245005400086260003200140300000800172650000700180221030s9999 xx 000 0 und d aEnglish a105.23bRaj aR. K. Rajput 0aElectrical Engineering Materialscby R. K. Rajput bLaxmi Pub.aNew Delhic1996 a387 aEE